| 000 | 00795nam a2200217 a 4500 | ||
|---|---|---|---|
| 001 | 57088 | ||
| 003 | BD-RjUL | ||
| 005 | 20211209080451.0 | ||
| 008 | 161205s1934 ii ||||| |||| 00| 0 ben d | ||
| 035 | _a(BD-RjUL)57212 | ||
| 040 |
_aBD-RjUL _bben _cBD-RjUL _dBD-RjUL |
||
| 041 | _aben | ||
| 082 |
_223 _a294.3 _bJAT 1934 |
||
| 245 | 0 | 0 |
_aজাতক-মঞ্জরী / _cঈশানচন্দ্র ঘোষ সংকলিত |
| 260 |
_aকলিকাতা : _bকলিকাতা বিশ্ববিদ্যালয়, _c১৯৩৪ |
||
| 300 |
_a[৩০], ৩০৩ ; _c২৪ সেমি. |
||
| 650 |
_aবৌদ্ধধর্ম _9169582 |
||
| 650 |
_aBuddism _9123455 |
||
| 700 |
_aঘোষ, ঈশানচন্দ্র সংকলিত _9169585 |
||
| 942 |
_2ddc _cBK |
||
| 999 |
_c57088 _d57088 |
||